Statistics for Beers by Country Quiz

Click here to take the quiz!

General Stats

  • This quiz has been taken 50,138 times
    (31,946 since last reset)
  • The average score is 12 of 24

Answer Stats

Beer Country % Correct
GuinnessIreland
95%
CoronaMexico
88%
NewcastleUnited Kingdom
84%
CoorsUnited States
81%
HeinekenThe Netherlands
77%
TsingtaoChina
70%
AsahiJapan
67%
PeroniItaly
64%
HoegaardenBelgium
60%
CarlsbergDenmark
55%
MolsonCanada
54%
Victoria BitterAustralia
53%
Red StripeJamaica
46%
SinghaThailand
42%
Pilsner UrquellCzech Republic
39%
Kronenbourg 1664France
39%
Hacker-PschorrGermany
34%
KingfisherIndia
34%
BaltikaRussia
33%
StieglAustria
29%
TyskiePoland
21%
BrahmaBrazil
17%
TuiNew Zealand
10%
HiteSouth Korea
9%

Score Distribution

Percentile by Number Answered

Percent of People with Each Score

Your Score History

You have not taken this quiz since the last reset